Harmonia Pastoralis Prosae Pastorales

Vianočné omše

Bibliographic Details
Main Author: Zrunek, Juraj, 1736-1789 (Author)
Format: Musical Score Book
Language:Slovak
PhysicalDescription:106 strán, 3 nečíslované strany rukopis, noty, ilustrácie, tlač 38
Published: Hlohovec 1766
Subjects:

MARC

LEADER 00000ndmaa2200000 a 4500
001 vtls010642696
003 SK-MaSNL
005 20260302014900.0
008 251104s1766 xo ms|d 000 | slo
035 |a urn:nbn:sk:snk-dm00eo8h 
035 |a 9ACA8DEC-95E9-4F53-A8E9-52DB7DBA9288 
040 |a SNKLA  |b slo  |c SNKLA  |e AACR2 
041 1 |a slo 
044 |a xo  |c SK 
072 7 |a 783  |x Cirkevná hudba. Duchovná hudba. Náboženská hudba  |2 konspekt 
080 |a 783.6  |2 2011 
080 |a 78.034.7  |2 2011 
080 |a 27-549  |2 2011 
080 |a 398.332.416  |2 2011 
080 |a (0:82-192)  |2 2011 
080 |a 025.171  |2 2011 
100 1 |a Zrunek, Juraj,  |d 1736-1789  |4 aut  |9 361354 
245 1 |a Harmonia Pastoralis  |b Prosae Pastorales  |c Juraj Zrunek 
246 3 3 |a Žilinský kancionál 
260 |a Hlohovec  |c 1766 
300 |a 106 strán, 3 nečíslované strany  |b rukopis, noty, ilustrácie, tlač  |c 38 
500 |a V prednej časti rukopisu vlepené tlače a poznámky V. J. Gajdoša, týkajúce sa rukopisu 
500 |a Chýbajú strany: 39-40 
520 |a Vianočné omše 
561 |a Okrúhla pečiatka: Bibliotheca Conventus Solnensis O.F.M. 
561 |a Okrúhla pečiatka: Matica slovenská Martin Archív literatúry a umenia 
610 2 7 |a Františkáni  |b Salvatoriánska provincia  |2 SNKKA  |9 174798 
650 0 7 |a duchovné piesne  |2 SNKPH  |9 1928 
650 0 7 |a baroková hudba  |2 SNKPH  |9 3176 
650 0 7 |a Baroque music  |2 SNKPH  |9 331801 
650 0 7 |a omše  |2 SNKPH  |9 31382 
650 0 7 |a Vianoce  |2 SNKPH  |9 3412 
655 7 |a spevníky  |2 SNKPH  |9 70506 
655 7 |a rukopisy  |2 SNKPH  |9 70548 
740 0 2 |a Prosae Pastorales 
852 |a Slovenská národná knižnica  |b Literárny archív 
852 |a Slovak National Library  |b Literature Archives 
958 |a HFZ 
958 |a BLA 
999 |c 1018743  |d 1020673 
952 |a SNKLA  |b SNKLA  |c SNKLA_DEP  |y NEVYP  |7 0  |p 17A1229560  |o snkA XXXVIII/2 – 67  |0 0  |1 0  |4 0  |d 2020-07-09  |f 1  |l 0  |r 2026-02-24 13:16:30  |w 2026-02-24